Recent developments in the german language

Titel: Recent developments in the german language / Werner F. Leopold
Verfasser:
Veröffentlicht: 1958
Format: Buch
Sprache: Englisch
Kein Bild verfügbar
X
Lokale Klassifikation: 3 10 B
alg: 21771893
001A    $03004:10-11-09 
001B    $01999:03-06-23 $t04:37:14.000 
001C    $03004:10-11-09 $t15:52:30.000 
001D    $03004:10-11-09 
001U    $0utf8 
001X    $00 
002@    $0Aar 
003@    $0217718930 
007A    $0217718930 $aHEB 
007T    $0Herdhh217718930 
010@    $aeng 
011@    $a1958 
021A    $aRecent developments in the german language $hWerner F. Leopold 
028A    $#Leopold, Werner $7 $8Leopold, Werner F. [Tnd] $9137295146 
045F    $a400 $eDDC23BSB 
045F/01 $a400 
045F/03 $g43 
046R    $aAus: The journal of english and germanic philology. 57.1958, S. 232 - 269 

lok: 21771893 24
101B    $010-11-09 $t15:52:30.000 
101C    $010-11-09 
101U    $0utf8 
145Z/01 $a3 10 B 

exp: 21771893 24 1 #EPN
201B/01 $010-11-09 $t15:52:30.000 
201C/01 $010-11-09 
201U/01 $0utf8 
203@/01 $0584331215 
208@/01 $a10-11-09 $br 
209A/01 $a3 X B 6 $du $f050 $h3 10 B 6 $x00 
209C/01 $a206 G 59 $h59 0206 G 
209G/01 $a72532554 $x00 
220C/01 $ash 
247C/01 $8358050-7 Marburg, Bibliothek des Herder-Instituts Marburg $9102600961 

lok: 21771893 78

exp: 21771893 78 1 #EPN
201B/01 $019-04-17 $t21:48:51.000 
201U/01 $0utf8 
203@/01 $0793633206 
208@/01 $a12-11-16 $be 
209A/01 $a/ $f000 $x00 
220C/01 $aAnmerkung: *ng 
237A/01 $aweiterführende Signatur(en): Herder-Institut: 3 X B 6 
244Z/01 $2Trx $8--Trx--Zeitschriftenaufsatz $x01 $9391384341 
245Z/01 $a11.07 $x01 
247C/01 $82080>Marburg/Lahn, Herder-Institut, Forschungsbibliothek, Bibliographieportal $9336309341
LEADER 00000cam a22000002c 4500
001 217718930
003 DE-603
005 20230603043714.0
007 tu
008 091110s1958 xx |||| | u00||u|eng c
035 |a (DE-599)HEB217718930 
040 |a DE-603  |b ger  |c DE-603  |d DE-603 
041 |a eng 
082 0 4 |8 1\u  |a 400  |q DE-101  |2 23/BSB 
085 |8 1\u  |b 400 
085 |8 1\u  |z 2  |s 43 
100 1 |a Leopold, Werner F.  |0 (DE-603)137295146 
245 0 0 |a Recent developments in the german language  |c Werner F. Leopold 
264 0 |c 1958 
500 |a Aus: The journal of english and germanic philology. 57.1958, S. 232 - 269 
924 0 |9 Mb 50  |a (DE-603)584331215  |b DE-Mb50  |c HES  |d c  |g 3 X B 6 
924 0 |9 2080  |a (DE-603)793633206  |b DE-2080  |c HES  |d d  |g /